[Event "ch-RUS Superfinal"]
[Site "Moscow RUS"]
[Date "2005.12.22"]
[Round "4"]
[White "Motylev, A."]
[Black "Tomashevsky, E."]
[Result "1/2-1/2"]
[WhiteElo "2632"]
[BlackElo "2564"]
[PlyCount "40"]
[EventDate "2005.12.19"]

1. e4 e5 2. Nf3 Nc6 3. Bb5 a6 4. Ba4 Nf6 5. O-O b5 6. Bb3 Bb7 7. d3 Be7 8. Nc3
O-O 9. Bd2 d6 10. a4 Nd4 11. Nxd4 exd4 12. Ne2 c5 13. Ng3 d5 14. e5 Nd7 15. Re1
Re8 16. Qf3 Nf8 17. Nf5 Ne6 18. c3 dxc3 19. bxc3 Bf8 20. Qg3 Kh8 {
Game may be incomplete} 1/2-1/2